| 000 | 00882nam a2200241Ia 4500 | ||
|---|---|---|---|
| 008 | 130821s xx gr spa | ||
| 040 |
_aCo-BoUCM _bspa |
||
| 041 | 0 | 0 | _aspa |
| 100 | 1 |
_aAcosta, Leonardo _d1933- _9167786 |
|
| 245 | 1 | 0 |
_aPenetración cultural imperialista en América Latina comics y revistas femeninas _cLeonardo Acosta |
| 260 |
_a[Lugar desconocido] _bLos Comuneros _c[fecha desconocida] |
||
| 300 | _a140 páginas | ||
| 500 | _aIncluye Indice. | ||
| 650 | 0 | 4 |
_aComunicación social _911386 |
| 650 | 0 | 4 |
_aComunicación y cultura _911392 |
| 650 | 0 | 4 |
_aCultura de masas _912396 |
| 650 | 0 | 4 |
_aMedios de comunicación de masas _919235 |
| 650 | 0 | 4 |
_aTiras cómicas , historietas, etc. _925477 |
| 700 | 1 |
_aErhart, Virginia M. _9167787 |
|
| 700 | 1 |
_aVega, Pastor _9167788 |
|
| 942 |
_cLIBRO _a24 _e1 _mA185p _2DEWEY _h302.234 |
||
| 999 |
_c70836 _d70836 |
||